Quantitative research for the qualitative researcher / (Record no. 156296)
[ view plain ]
| 000 -LEADER | |
|---|---|
| fixed length control field | 01001cam a2200289 i 4500 |
| 001 - CONTROL NUMBER | |
| control field | vtls003256659 |
| 003 - CONTROL NUMBER IDENTIFIER | |
| control field | MY-SjTCS |
| 005 - DATE AND TIME OF LATEST TRANSACTION | |
| control field | 20200226115931.0 |
| 008 - FIXED-LENGTH DATA ELEMENTS--GENERAL INFORMATION | |
| fixed length control field | 140709t20142014caua b 001 0 eng |
| 020 ## - INTERNATIONAL STANDARD BOOK NUMBER | |
| International Standard Book Number | 9781412997799 (paperback) |
| 020 ## - INTERNATIONAL STANDARD BOOK NUMBER | |
| International Standard Book Number | 1412997798 (paperback) |
| 039 #9 - LEVEL OF BIBLIOGRAPHIC CONTROL AND CODING DETAIL [OBSOLETE] | |
| Level of rules in bibliographic description | 201809071355 |
| Level of effort used to assign nonsubject heading access points | VLOAD |
| Level of effort used to assign subject headings | 201411251109 |
| Level of effort used to assign classification | pushpa |
| Level of effort used to assign subject headings | 201411221452 |
| Level of effort used to assign classification | pushpa |
| -- | 201407091534 |
| -- | malathy |
| 040 ## - CATALOGING SOURCE | |
| Description conventions | rda |
| 082 04 - DEWEY DECIMAL CLASSIFICATION NUMBER | |
| Classification number | 001.42 |
| Item number | ODW 2014 |
| 100 1# - MAIN ENTRY--PERSONAL NAME | |
| Personal name | O'Dwyer, Laura M. |
| 245 10 - TITLE STATEMENT | |
| Title | Quantitative research for the qualitative researcher / |
| Statement of responsibility, etc. | Laura M. O'Dwyer, James A. Bernauer. |
| 264 #1 - PRODUCTION, PUBLICATION, DISTRIBUTION, MANUFACTURE, AND COPYRIGHT NOTICE | |
| Place of production, publication, distribution, manufacture | Thousand Oaks, California : |
| Name of producer, publisher, distributor, manufacturer | SAGE, |
| Date of production, publication, distribution, manufacture, or copyright notice | [2014] |
| 264 #4 - PRODUCTION, PUBLICATION, DISTRIBUTION, MANUFACTURE, AND COPYRIGHT NOTICE | |
| Date of production, publication, distribution, manufacture, or copyright notice | ©2014. |
| 300 ## - PHYSICAL DESCRIPTION | |
| Extent | xxii, 299 pages : |
| Other physical details | illustrations ; |
| Dimensions | 23 cm |
| 336 ## - CONTENT TYPE | |
| Content type term | text |
| Source | rdacontent |
| 337 ## - MEDIA TYPE | |
| Media type term | unmediated |
| Source | rdamedia |
| 338 ## - CARRIER TYPE | |
| Carrier type term | volume |
| Source | rdacarrier |
| 504 ## - BIBLIOGRAPHY, ETC. NOTE | |
| Bibliography, etc. note | Includes bibliographical references (pages 286-290) and index. |
| 650 #0 - SUBJECT ADDED ENTRY--TOPICAL TERM | |
| Topical term or geographic name entry element | Quantitative research. |
| 9 (RLIN) | 35557 |
| 700 1# - ADDED ENTRY--PERSONAL NAME | |
| Personal name | Bernauer, James A. |
| 920 ## - Programme | |
| Programme | SOC : 212308 |
| Withdrawn status | Lost status | Source of classification or shelving scheme | Damaged status | Not for loan | Home library | Current library | Date acquired | Total Checkouts | Total Renewals | Barcode | Date last seen | Date last checked out | Copy number | Uniform Resource Identifier | Koha item type | Public note |
|---|---|---|---|---|---|---|---|---|---|---|---|---|---|---|---|---|
| Dewey Decimal Classification | Taylor's Library-TU | Taylor's Library-TU | 17/09/2014 | 16 | 1 | 5000161336 | 09/07/2024 | 10/06/2024 | 1 | Floor 3, Shelf 1 , Side 2, TierNo 4, BayNo 1 | Main Collection | SOMAC,37003,04,CL |